Trendy v prístupe k ľudskému kapitálu v 21. storočí

Uložené v:
Podrobná bibliografia
Hlavný autor: Antošová, Mária, 1965-
Ďalší autori: Csikósová, Adriana
Médium: Kapitola
Jazyk:Slovak
Tagy: Pridať tag
Žiadne tagy, Buďte prvý, kto otaguje tento záznam!

MARC

LEADER 00000naa$a2200000$$$4500
001 0312099
005 20250908090247.7
041 0 |a slo 
044 |a SK 
245 1 0 |a Trendy v prístupe k ľudskému kapitálu v 21. storočí  |c Mária Antošová, Adriana Csikósová 
100 1 |a Antošová, Mária, 1965- 
700 1 |a Csikósová, Adriana